[Event "Bay Area International"]
[Site "?"]
[Date "2019.01.03"]
[Round "4"]
[White "Boros, Denes"]
[Black "Ke, Ivan"]
[Result "1-0"]
[WhiteElo "2442"]
[BlackElo "2251"]
[PlyCount "65"]
[EventDate "2019.??.??"]
[SourceVersionDate "2019.01.04"]

1. c4 c5 2. Nf3 Nc6 3. Nc3 e5 4. e3 Nf6 5. d4 cxd4 6. exd4 e4 7. Nd2 Bb4 8. a3
Bxc3 9. bxc3 Qa5 10. Nb3 Qxc3+ 11. Bd2 Qb2 12. Bg5 Qc3+ 13. Bd2 Qb2 14. Rb1
Qxa3 15. d5 Ne7 16. Nd4 e3 17. fxe3 a6 18. Bb4 Qxe3+ 19. Qe2 Qxe2+ 20. Bxe2 b5
21. O-O bxc4 22. Bxc4 d6 23. Bxd6 Nexd5 24. Bb3 Be6 25. Ba4+ Kd8 26. Rb7 Rg8
27. Rfb1 Bd7 28. Nc6+ Bxc6 29. Bxc6 Rc8 30. Ba4 h5 31. Rd1 Rc4 32. Bb3 Rc6 33.
Be5 1-0

[Event "Bay Area International"]
[Site "?"]
[Date "2019.01.03"]
[Round "4"]
[White "Bruzon, Lazaro"]
[Black "Chandra, Akshat"]
[Result "1-0"]
[WhiteElo "2664"]
[BlackElo "2492"]
[PlyCount "69"]
[EventDate "2019.??.??"]
[SourceVersionDate "2019.01.04"]

1. Nf3 d5 2. g3 g6 3. Bg2 Bg7 4. d4 Nf6 5. O-O O-O 6. c4 c6 7. Qb3 Qb6 8. Nc3
Rd8 9. Rd1 Bf5 10. Ne1 Be6 11. c5 Qxb3 12. axb3 Nbd7 13. b4 a6 14. h3 Ne8 15.
Bf4 h6 16. g4 Nf8 17. e3 g5 18. Bg3 h5 19. gxh5 Nf6 20. Na4 N8d7 21. Nd3 Nxh5
22. Bc7 Rf8 23. Nb6 Rae8 24. b5 axb5 25. Ra7 Nb8 26. Rxb7 Na6 27. Bh2 Bf5 28.
Nd7 Bxd7 29. Rxd7 Nf6 30. Ra7 Ra8 31. Rxe7 Rfd8 32. Rb7 Nd7 33. Ra1 Naxc5 34.
Rxa8 Nxb7 35. Ra7 1-0

[Event "Bay Area International"]
[Site "?"]
[Date "2019.01.03"]
[Round "4"]
[White "Canessa, John"]
[Black "Kondakov, Adrian"]
[Result "1-0"]
[WhiteElo "1958"]
[BlackElo "2018"]
[PlyCount "77"]
[EventDate "2019.??.??"]
[SourceVersionDate "2019.01.04"]

1. e4 e5 2. Nf3 Nc6 3. Bc4 Bc5 4. d3 d6 5. c3 Nf6 6. Qe2 a6 7. Bb3 Ba7 8. Nbd2
h6 9. h3 Be6 10. Bxe6 fxe6 11. Nb3 O-O 12. g4 Nh7 13. h4 Qf6 14. Rh3 Qg6 15.
Rg3 Kh8 16. Be3 d5 17. Bxa7 Rxa7 18. O-O-O Qf6 19. Kb1 Qe7 20. g5 Raa8 21. gxh6
gxh6 22. Rdg1 Rg8 23. Qe3 Qf6 24. d4 exd4 25. cxd4 Rxg3 26. Rxg3 b6 27. Qc3 Ne7
28. Qxc7 dxe4 29. Qb7 Rf8 30. Qxe4 Nf5 31. Rg2 Nd6 32. Qe5 Nc4 33. Qg3 Rc8 34.
Ne5 Qf5+ 35. Ka1 Ng5 36. Nxc4 Rxc4 37. hxg5 Qc2 38. Rg1 hxg5 39. Qxg5 1-0

[Event "Bay Area International"]
[Site "?"]
[Date "2019.01.03"]
[Round "4"]
[White "Daggupati, Balaji"]
[Black "Abrahamyan, Tatev"]
[Result "0-1"]
[WhiteElo "2257"]
[BlackElo "2377"]
[PlyCount "160"]
[EventDate "2019.??.??"]
[SourceVersionDate "2019.01.04"]

1. e4 e6 2. Qe2 c5 3. Nf3 Nc6 4. g3 Nf6 5. c3 d5 6. e5 Nd7 7. d4 b6 8. Be3 a5
9. Ng5 cxd4 10. cxd4 Nxd4 11. Nxf7 Bb4+ 12. Kd1 Nxe2 13. Nxd8 Nxg3 14. Nxe6
Nxh1 15. Nc7+ Kd8 16. Nxa8 Rf8 17. e6 Nxf2+ 18. Kc2 Ng4 19. Bg5+ Ndf6 20. h3
Ne5 21. Nxb6 Bxe6 22. Nc3 Bf5+ 23. Kb3 Nf3 24. Be3 Be6 25. Rd1 Bxc3 26. bxc3
Kc7 27. Ka4 Ne4 28. Rc1 Ne5 29. c4 dxc4 30. Nxc4 Rxf1 31. Nxe5+ Rxc1 32. Bxc1
Kb6 33. h4 Nc3+ 34. Ka3 Nxa2 35. Bd2 Kb5 36. Nf3 Bd5 37. Nd4+ Kc5 38. Nf5 g6
39. Ne7 Nb4 40. Ka4 Be6 41. Kxa5 Nd3 42. Bh6 Kd6 43. Bf8 Kd7 44. Kb6 Ke8 45.
Nxg6 hxg6 46. Bd6 Kd7 47. Bg3 Bd5 48. Bh2 Ke6 49. Kc7 Kf5 50. Kd6 Be4 51. Ke7
Kg4 52. Kf6 Kxh4 53. Bd6 g5 54. Bg3+ Kxg3 55. Kxg5 Ne5 56. Kf6 Kf4 57. Ke6 Nc4
58. Kf6 Bf5 59. Ke7 Ke5 60. Kf7 Nd6+ 61. Kg7 Ke6 62. Kg8 Kf6 63. Kf8 Be4 64.
Kg8 Nf7 65. Kf8 Bh7 66. Ke8 Ne5 67. Kd8 Ke6 68. Kc7 Nd7 69. Kc6 Bd3 70. Kc7 Bb5
71. Kd8 Nf6 72. Kc7 Nd5+ 73. Kd8 Kd6 74. Kc8 Ke7 75. Kb7 Kd7 76. Kb8 Ne7 77.
Kb7 Nc8 78. Kb8 Nd6 79. Ka7 Kc7 80. Ka8 Bc4 0-1

[Event "Bay Area International"]
[Site "?"]
[Date "2019.01.03"]
[Round "4"]
[White "Escalante Ramirez, Brian"]
[Black "Taghizadeh, Rayan"]
[Result "1-0"]
[WhiteElo "2446"]
[BlackElo "2298"]
[PlyCount "109"]
[EventDate "2019.??.??"]
[SourceVersionDate "2019.01.04"]

1. d4 Nf6 2. c4 e6 3. Nc3 Bb4 4. Qc2 O-O 5. Nf3 d6 6. Bd2 Nc6 7. a3 Bxc3 8.
Bxc3 a5 9. b3 Qe7 10. e3 e5 11. dxe5 dxe5 12. h3 Re8 13. Be2 g6 14. g4 b6 15.
Bb2 Bb7 16. Rg1 Rad8 17. Rg3 Nd7 18. Kf1 Nc5 19. Ne1 Rd7 20. Rd1 Red8 21. Rxd7
Rxd7 22. Bc3 Ne6 23. Qb2 f6 24. b4 axb4 25. axb4 Ncd8 26. f3 Nf7 27. Kf2 c5 28.
b5 Qd8 29. Rg1 Qf8 30. h4 Qd8 31. Ng2 Nd6 32. Ra1 Qe7 33. Rd1 Nf7 34. Rxd7 Qxd7
35. Qa1 Nd6 36. g5 fxg5 37. Bxe5 Nf7 38. Bg3 gxh4 39. Nxh4 Qd8 40. Qa7 Bc8 41.
Ng2 g5 42. Qb8 Kg7 43. Ne1 h5 44. Nd3 h4 45. Bh2 Kh6 46. Nb2 g4 47. fxg4 Nfg5
48. Nd3 Ne4+ 49. Kg2 Nc3 50. Bf1 Nd1 51. Qe5 Ng5 52. Bf4 Bxg4 53. Kh2 Bf3 54.
Bh3 Be4 55. Qxe4 1-0

[Event "Bay Area International"]
[Site "?"]
[Date "2019.01.03"]
[Round "4"]
[White "Eswaran, Ashritha"]
[Black "Zhu, Jack"]
[Result "1-0"]
[WhiteElo "2227"]
[BlackElo "2364"]
[PlyCount "145"]
[EventDate "2019.??.??"]
[SourceVersionDate "2019.01.04"]

1. e4 c5 2. Nf3 d6 3. d4 cxd4 4. Nxd4 Nf6 5. Nc3 a6 6. Be3 e5 7. Nf3 Be7 8. Bc4
O-O 9. O-O Nc6 10. Re1 Bg4 11. h3 Bh5 12. Nd5 Nxd5 13. Bxd5 Rc8 14. c3 h6 15.
a4 Bg5 16. Bxg5 hxg5 17. g4 Bg6 18. Qd2 Qf6 19. Nxg5 Rc7 20. Qe3 Ne7 21. Rad1
Bh7 22. Kg2 Ng6 23. Kg3 Nf4 24. h4 Rd8 25. Nh3 Nxd5 26. Rxd5 Kf8 27. Ng5 Bg8
28. Red1 Qe7 29. R5d2 f6 30. Nf3 Bb3 31. Rh1 Ke8 32. h5 Rc6 33. Nh4 Be6 34.
Rhd1 Kd7 35. Ng6 Qe8 36. b4 Kc7 37. b5 axb5 38. axb5 Rc4 39. b6+ Kc6 40. f4 Rc5
41. Rd3 Bc4 42. R3d2 Rd7 43. fxe5 fxe5 44. Nh4 Bb3 45. Rb1 Be6 46. Qd3 Qd8 47.
Qc2 Ra5 48. Nf3 Bc4 49. Rb4 Qg8 50. Nd4+ exd4 51. cxd4 Rb5 52. Rxc4+ Kxb6 53.
Rd3 Qa8 54. Rb3 Qa5 55. Rxb5+ Qxb5 56. Qc3 Ka7 57. Qb4 Qg5 58. Rc3 Qe7 59. Rc8
Qg5 60. Qa4+ Kb6 61. Qb3+ Ka7 62. e5 Qd2 63. Qc3 Qa2 64. exd6 Rxd6 65. Qc5+ Rb6
66. Rf8 Qb1 67. Rf3 Qe1+ 68. Kf4 Qd2+ 69. Kf5 Qh6 70. Ra3+ Kb8 71. Qf8+ Kc7 72.
Qe7+ Kc6 73. Rc3+ 1-0

[Event "Bay Area International"]
[Site "?"]
[Date "2019.01.03"]
[Round "4"]
[White "Free, Graham"]
[Black "Korley, Kassa"]
[Result "1/2-1/2"]
[WhiteElo "2015"]
[BlackElo "2450"]
[PlyCount "117"]
[EventDate "2019.??.??"]
[SourceVersionDate "2019.01.04"]

1. d4 e6 2. Nf3 Nf6 3. Bf4 d5 4. e3 Bd6 5. Bg3 O-O 6. Nbd2 b6 7. c3 c5 8. Bd3
Ba6 9. Bxa6 Nxa6 10. Qe2 Nb8 11. Ne5 Qc7 12. O-O Nfd7 13. Ndf3 Nc6 14. Nxc6
Qxc6 15. Bxd6 Qxd6 16. e4 dxe4 17. Qxe4 Nf6 18. Qe2 Rac8 19. a4 c4 20. Qe5 Qd5
21. Rfe1 Rfd8 22. Qxd5 Nxd5 23. Ne5 f6 24. Nf3 Kf7 25. g3 a6 26. Ra3 Rd7 27.
Rea1 g5 28. Nd2 h5 29. Nf1 h4 30. Kg2 Rh8 31. Ne3 Nxe3+ 32. fxe3 hxg3 33. hxg3
Kg6 34. Rh1 Rxh1 35. Kxh1 Kf5 36. b3 Rc7 37. bxc4 Rxc4 38. Kg2 Ke4 39. Rb3 Rc6
40. c4 g4 41. Rc3 Rc8 42. Kh2 f5 43. Kg2 b5 44. axb5 axb5 45. c5 Kd5 46. Kf2 e5
47. Rb3 Kc4 48. Rb1 Rb8 49. c6 exd4 50. exd4 Kxd4 51. c7 Rc8 52. Rxb5 Rxc7 53.
Rxf5 Rc2+ 54. Kg1 Kd3 55. Rf4 Rc4 56. Rf8 Ke3 57. Kg2 Rc2+ 58. Kg1 Rc1+ 59. Kg2
1/2-1/2

[Event "Bay Area International"]
[Site "?"]
[Date "2019.01.03"]
[Round "4"]
[White "Gaffagan, Steven"]
[Black "Anderson, Michael"]
[Result "1/2-1/2"]
[WhiteElo "1996"]
[BlackElo "1751"]
[PlyCount "65"]
[EventDate "2019.??.??"]
[SourceVersionDate "2019.01.04"]

1. d4 f5 2. g3 g6 3. Bg2 Bg7 4. Nh3 Nf6 5. c3 O-O 6. Nd2 c6 7. Qb3+ d5 8. Nf3
Na6 9. Nf4 Nc7 10. Nd3 Nd7 11. Bf4 Ne6 12. e3 Bf6 13. h4 Qb6 14. Nfe5 Nxf4 15.
gxf4 e6 16. Bf3 Nxe5 17. fxe5 Be7 18. O-O-O Qxb3 19. axb3 b6 20. Nf4 Kf7 21. b4
Bd7 22. Kd2 a5 23. bxa5 Rxa5 24. h5 g5 25. h6 g4 26. Be2 Ra2 27. Nd3 c5 28. Rb1
cxd4 29. cxd4 Rc8 30. Ra1 Rca8 31. Rxa2 Rxa2 32. Kc3 Ra8 33. Kd2 1/2-1/2

[Event "Bay Area International"]
[Site "?"]
[Date "2019.01.03"]
[Round "4"]
[White "Ghazarian, Kirk"]
[Black "Tarjan, James"]
[Result "1/2-1/2"]
[WhiteElo "2226"]
[BlackElo "2402"]
[PlyCount "48"]
[EventDate "2019.??.??"]
[SourceVersionDate "2019.01.03"]

1. d4 d5 2. c4 e6 3. Nf3 Be7 4. g3 Nf6 5. Bg2 O-O 6. O-O c6 7. Qc2 Nbd7 8. Nbd2
b6 9. e4 a5 10. e5 Ne8 11. cxd5 cxd5 12. Re1 Ba6 13. Nf1 Nc7 14. h4 h6 15. Ne3
Rc8 16. Bd2 Nb5 17. Qb3 Na7 18. Bf1 Bxf1 19. Nxf1 b5 20. a4 b4 21. Qd3 Qb6 22.
b3 Rc6 23. Rac1 Rfc8 24. Rxc6 Rxc6 1/2-1/2

[Event "Bay Area International"]
[Site "?"]
[Date "2019.01.03"]
[Round "4"]
[White "Harmon-Vellotti, Luke"]
[Black "Williams, Justus"]
[Result "0-1"]
[WhiteElo "2455"]
[BlackElo "2316"]
[PlyCount "120"]
[EventDate "2019.??.??"]
[SourceVersionDate "2019.01.04"]

1. e4 c5 2. Nf3 Nc6 3. d4 cxd4 4. Nxd4 g6 5. c4 Nf6 6. Nc3 d6 7. Be2 Nxd4 8.
Qxd4 Bg7 9. O-O O-O 10. Qd3 Be6 11. Be3 a5 12. b3 Nd7 13. Rac1 Nc5 14. Qb1 Rc8
15. Rfd1 f5 16. exf5 Bxf5 17. Qb2 Ne4 18. Bd4 Bxd4 19. Rxd4 Nc5 20. Rcd1 Bd7
21. Qd2 Bc6 22. Qe3 Rb8 23. h4 Qe8 24. h5 gxh5 25. Nd5 e5 26. Rh4 Kh8 27. Rxh5
Rf7 28. Rh6 Qf8 29. Qh3 Qg7 30. Rh4 Bd7 31. Qg3 Qf8 32. Qh2 Rg7 33. Bd3 Nxd3
34. Rxd3 Qf5 35. Rd1 Rf8 36. Rf1 Rfg8 37. Ne3 Qf3 38. Kh1 Qe2 39. g3 Bc6+ 40.
Kg1 Qf3 41. Rh3 Rf8 42. Rd1 Rgf7 43. Re1 Qxf2+ 44. Qxf2 Rxf2 45. Rf1 Rxf1+ 46.
Nxf1 Rf3 47. Rh6 Rd3 48. Kf2 a4 49. Ke2 Rd4 50. Ne3 axb3 51. axb3 Be4 52. Rh4
Bd3+ 53. Kf3 Rxh4 54. gxh4 Kg7 55. Kg4 Kf6 56. Kf3 Ke6 57. Kg4 Kd7 58. b4 Kc6
59. Kg5 b5 60. cxb5+ Kxb5 0-1

[Event "Bay Area International"]
[Site "?"]
[Date "2019.01.03"]
[Round "4"]
[White "Hevia, Carlos"]
[Black "Santarius, Erik"]
[Result "1-0"]
[WhiteElo "2476"]
[BlackElo "2393"]
[PlyCount "65"]
[EventDate "2019.??.??"]
[SourceVersionDate "2019.01.04"]

1. Nf3 Nf6 2. g3 c5 3. Bg2 Nc6 4. O-O e5 5. c4 d5 6. cxd5 Nxd5 7. Nc3 Be6 8. h4
Be7 9. Ng5 Bxg5 10. hxg5 Qd7 11. d3 Rd8 12. Bd2 O-O 13. Qa4 c4 14. Qxc4 Ne3 15.
Qh4 Nxf1 16. Rxf1 Nd4 17. Re1 Bf5 18. Nd5 Bg6 19. Bc3 Nc6 20. e4 Qd6 21. f4 f5
22. gxf6 gxf6 23. g4 b5 24. a3 a5 25. b4 axb4 26. axb4 Nd4 27. f5 Be8 28. g5
fxg5 29. Qxg5+ Kh8 30. Bxd4 exd4 31. e5 Qd7 32. e6 Qxd5 33. e7 1-0

[Event "Bay Area International"]
[Site "?"]
[Date "2019.01.03"]
[Round "4"]
[White "Hong, Andrew"]
[Black "Javakhadze, Zurabi"]
[Result "1-0"]
[WhiteElo "2390"]
[BlackElo "2449"]
[PlyCount "77"]
[EventDate "2019.??.??"]
[SourceVersionDate "2019.01.04"]

1. e4 e5 2. Nf3 Nc6 3. Bc4 Nf6 4. d3 Bc5 5. O-O d6 6. c3 a6 7. Bb3 Ba7 8. Nbd2
O-O 9. h3 Ne7 10. Re1 Ng6 11. Nf1 Nh5 12. d4 Nhf4 13. Ng3 Qf6 14. Nh5 Qe7 15.
Nxf4 exf4 16. Qd3 c5 17. Bd2 b5 18. Bc2 Be6 19. b3 Rac8 20. Rad1 Rfe8 21. Bc1
Qc7 22. Bb1 c4 23. bxc4 Bxc4 24. Qc2 Be6 25. Bb2 Bb6 26. Qd3 Ba5 27. Rc1 Qd8
28. d5 Bd7 29. e5 dxe5 30. Nxe5 Rxe5 31. Rxe5 Nxe5 32. Qxh7+ Kf8 33. Ba3+ b4
34. cxb4 Rxc1+ 35. Bxc1 Bxb4 36. Bxf4 f6 37. Bxe5 fxe5 38. Qh8+ Ke7 39. Qh4+
1-0

[Event "Bay Area International"]
[Site "?"]
[Date "2019.01.03"]
[Round "4"]
[White "Jacobson, Aaron"]
[Black "Balakrishnan, Praveen"]
[Result "0-1"]
[WhiteElo "2286"]
[BlackElo "2418"]
[PlyCount "58"]
[EventDate "2019.??.??"]
[SourceVersionDate "2019.01.04"]

1. e4 e5 2. Nf3 Nf6 3. Nxe5 d6 4. Nf3 Nxe4 5. Bd3 d5 6. c3 Nd6 7. O-O Be7 8.
Bc2 O-O 9. d4 Bf5 10. Bxf5 Nxf5 11. Qb3 b6 12. Nbd2 Qd6 13. Re1 Bf6 14. Ne5
Bxe5 15. dxe5 Qd7 16. Nf3 c5 17. Bf4 Nc6 18. Rad1 Nfe7 19. h3 h6 20. Bc1 Rad8
21. Qc2 Qe6 22. Nh4 Nxe5 23. Qe2 N7c6 24. Qh5 Qf6 25. Re2 Ng6 26. Nf5 Rfe8 27.
Rxe8+ Rxe8 28. Ne3 Nf4 29. Qf3 Ne5 0-1

[Event "Bay Area International"]
[Site "?"]
[Date "2019.01.03"]
[Round "4"]
[White "Johnston, Daniel"]
[Black "Cline, John"]
[Result "1-0"]
[WhiteElo "1979"]
[BlackElo "2272"]
[PlyCount "139"]
[EventDate "2019.??.??"]
[SourceVersionDate "2019.01.04"]

1. Nf3 c5 2. g3 g6 3. Bg2 Bg7 4. d4 cxd4 5. Nxd4 Nc6 6. Nxc6 bxc6 7. O-O Nf6 8.
c4 O-O 9. Nc3 Bb7 10. Qa4 Qb6 11. Be3 c5 12. Bxb7 Qxb7 13. Bxc5 d6 14. Bd4 Rfc8
15. Rac1 h5 16. Qb5 Qxb5 17. Nxb5 a6 18. Na3 e5 19. Be3 Ng4 20. Bd2 e4 21. Bc3
Ne5 22. b3 f5 23. Rfd1 Rc6 24. Rd5 Kf7 25. Kg2 Ke6 26. Nc2 Rb6 27. Rcd1 Bf8 28.
c5 Rc6 29. Bxe5 dxe5 30. b4 a5 31. a3 axb4 32. axb4 Be7 33. h4 Rb8 34. e3 Rb7
35. Kf1 Ra6 36. Ke2 Ra2 37. R5d2 Ra6 38. Rc1 Rb8 39. Rcd1 Rb7 40. f4 exf3+ 41.
Kxf3 Rb8 42. Ke2 Ra4 43. Kd3 Kd5 44. Rf1 Bf8 45. Rc1 Be7 46. Rdd1 Bf8 47. Rb1
Kc6 48. Ra1 Rd8+ 49. Kc4 Rxd1 50. Rxa4 Rc1 51. Ra6+ Kb7 52. Rb6+ Kc7 53. Kc3
Rg1 54. Rf6 Be7 55. Rf7 Kd8 56. c6 Rxg3 57. Kc4 Rg2 58. Kd3 Rg4 59. b5 Bc5 60.
Rd7+ Kc8 61. Rd5 Bb6 62. Rxe5 Rxh4 63. Nd4 Rg4 64. Re8+ Kc7 65. Re7+ Kd8 66.
Rb7 Bxd4 67. exd4 Rg1 68. b6 Rc1 69. Rd7+ Kc8 70. b7+ 1-0

[Event "Bay Area International"]
[Site "?"]
[Date "2019.01.03"]
[Round "4"]
[White "Jones, Craig"]
[Black "Colas, Joshua"]
[Result "1/2-1/2"]
[WhiteElo "2138"]
[BlackElo "2309"]
[PlyCount "44"]
[EventDate "2019.??.??"]
[SourceVersionDate "2019.01.03"]

1. Nf3 d5 2. g3 Nf6 3. Bg2 e6 4. c4 Be7 5. O-O O-O 6. b3 c5 7. Bb2 Nc6 8. cxd5
Nxd5 9. Nc3 Nc7 10. Rc1 Rb8 11. Qc2 b6 12. Rfd1 Bb7 13. d4 cxd4 14. Ne4 Nd5 15.
Nxd4 Nxd4 16. Bxd4 Ba3 17. Bb2 Bxb2 18. Qxb2 Qe7 19. Nc3 Nxc3 20. Rxc3 Bxg2 21.
Kxg2 a5 22. Qc2 Qb7+ 1/2-1/2

[Event "Bay Area International"]
[Site "?"]
[Date "2019.01.03"]
[Round "4"]
[White "Katz, Alexander"]
[Black "Banik, Siddharth"]
[Result "1-0"]
[WhiteElo "2433"]
[BlackElo "2276"]
[PlyCount "103"]
[EventDate "2019.??.??"]
[SourceVersionDate "2019.01.04"]

1. Nf3 d5 2. g3 Nf6 3. Bg2 g6 4. c4 c6 5. b3 Bg7 6. Bb2 O-O 7. O-O a5 8. Qc2
Na6 9. a3 Nc5 10. Bd4 Ne6 11. Be5 d4 12. Qb2 c5 13. e3 Ne8 14. Bxg7 N8xg7 15.
exd4 cxd4 16. d3 Nc5 17. Nxd4 Nxd3 18. Qc3 Nc5 19. Nd2 Nf5 20. N2f3 Qb6 21.
Nxf5 Bxf5 22. Nd4 Be4 23. Bxe4 Nxe4 24. Qe3 f5 25. Nxf5 Qxe3 26. Nxe3 Nd2 27.
Rfd1 Nxb3 28. Rab1 a4 29. Rd7 Rad8 30. Rbd1 Rxd7 31. Rxd7 Nc5 32. Rxe7 Rf7 33.
Re8+ Rf8 34. Re7 Rf7 35. Re8+ Rf8 36. Rxf8+ Kxf8 37. Kf1 Ke7 38. Ke2 Kd6 39. f4
Ne6 40. Kd3 Kc5 41. Nd1 g5 42. fxg5 Nxg5 43. Nc3 Nf3 44. Nxa4+ Kc6 45. h4 Ne1+
46. Kc3 h5 47. Nb2 Ng2 48. Kd2 Kc5 49. Ke2 Kd4 50. Nd1 Kxc4 51. Ne3+ Nxe3 52.
Kxe3 1-0

[Event "Bay Area International"]
[Site "?"]
[Date "2019.01.03"]
[Round "4"]
[White "Kumar, Nikhil"]
[Black "Liou, Yian"]
[Result "1/2-1/2"]
[WhiteElo "2281"]
[BlackElo "2412"]
[PlyCount "140"]
[EventDate "2019.??.??"]
[SourceVersionDate "2019.01.04"]

1. d4 d5 2. c4 c6 3. Nf3 Nf6 4. e3 a6 5. Bd3 Bg4 6. Nbd2 e6 7. O-O Nbd7 8. b3
Be7 9. Qc2 Rc8 10. c5 Qc7 11. Bb2 a5 12. a3 Bh5 13. b4 Bg6 14. Ne5 Nxe5 15.
dxe5 Nd7 16. f4 b6 17. cxb6 Qxb6 18. Bd4 Qc7 19. f5 exf5 20. Bxf5 Nxe5 21. Qb2
Bxf5 22. Bxe5 Qd7 23. Bxg7 Rg8 24. e4 Bh3 25. Rf3 Bg4 26. Rf2 Rb8 27. exd5 cxd5
28. Nb3 axb4 29. axb4 Be6 30. Be5 Rc8 31. Nd4 Rg4 32. b5 Re4 33. Nc6 Bc5 34.
Bd4 Bd6 35. Ra7 Rc7 36. Rf1 Rxa7 37. Bxa7 Qc7 38. Bb8 Qb6+ 39. Kh1 Bf8 40. Ba7
Qc7 41. Bg1 Bc8 42. Qh8 Qd6 43. Qc3 Bd7 44. Ra1 f6 45. Rf1 Bxc6 46. Rxf6 Bg7
47. Rxd6 Bxc3 48. Rxc6 Rc4 49. Rd6 d4 50. g3 Rb4 51. b6 Rb2 52. Bxd4 Bxd4 53.
Rxd4 Rxb6 54. Kg2 Kf7 55. Kf3 Kg6 56. h4 Rf6+ 57. Rf4 Ra6 58. g4 Ra3+ 59. Kg2
Rb3 60. Rf3 Rb1 61. Ra3 Rb6 62. Kg3 Rb4 63. Ra6+ Kg7 64. g5 Kf7 65. Rf6+ Kg7
66. h5 Rb3+ 67. Kg4 Rb4+ 68. Rf4 Rxf4+ 69. Kxf4 h6 70. g6 Kg8 1/2-1/2

[Event "Bay Area International"]
[Site "?"]
[Date "2019.01.03"]
[Round "4"]
[White "Kiewra, Keaton"]
[Black "Kumar, Naman"]
[Result "1-0"]
[WhiteElo "2362"]
[BlackElo "1868"]
[PlyCount "55"]
[EventDate "2019.??.??"]
[SourceVersionDate "2019.01.03"]

1. d4 Nf6 2. Bg5 Ne4 3. Bf4 d6 4. f3 Nf6 5. e4 g6 6. Nc3 Bg7 7. Qd2 Nbd7 8.
O-O-O O-O 9. Nge2 c6 10. Bh6 Qc7 11. h4 b5 12. h5 Qa5 13. hxg6 fxg6 14. Bxg7
Kxg7 15. Qh6+ Kg8 16. Nf4 Kf7 17. g4 Ke8 18. Ne6 Rf7 19. Ng7+ Kf8 20. Ne6+ Ke8
21. e5 Ng8 22. Qe3 b4 23. exd6 bxc3 24. Nc7+ Kf8 25. Bc4 cxb2+ 26. Kb1 Rf6 27.
Rxh7 Qb4 28. dxe7+ 1-0

[Event "Bay Area International"]
[Site "?"]
[Date "2019.01.03"]
[Round "4"]
[White "Li, Eric"]
[Black "Betaneli, Alex"]
[Result "1/2-1/2"]
[WhiteElo "2007"]
[BlackElo "2254"]
[PlyCount "223"]
[EventDate "2019.??.??"]
[SourceVersionDate "2019.01.04"]

1. d4 d5 2. c4 e6 3. Nc3 Be7 4. cxd5 exd5 5. Bf4 c6 6. Qc2 Bd6 7. Bxd6 Qxd6 8.
e3 Qg6 9. Qd2 Nd7 10. Nge2 Nb6 11. Ng3 f5 12. Bd3 Nf6 13. f3 O-O 14. O-O Nh5
15. Qf2 Nxg3 16. Qxg3 Qh6 17. Rae1 Bd7 18. Qc7 Rf7 19. Qf4 Qf6 20. a4 Re8 21.
a5 Nc8 22. Qg3 Rxe3 23. Rxe3 f4 24. Qf2 fxe3 25. Qxe3 Re7 26. Qf2 Nd6 27. b4
Bf5 28. Be2 a6 29. Rd1 Bc2 30. Rd2 Bb3 31. Bf1 Bc4 32. Nd1 Qe6 33. Nb2 Bxf1 34.
Qxf1 Nb5 35. Qf2 Qh6 36. h3 Qe3 37. Qxe3 Rxe3 38. Na4 Rb3 39. Nc5 Rxb4 40. Nxb7
Nxd4 41. Nc5 Rb5 42. Nxa6 Nb3 43. Rb2 Rxa5 44. Nb4 Ra1+ 45. Kh2 Na5 46. Rc2 d4
47. Kg3 Rb1 48. Nd3 Rb3 49. Nc1 Rb5 50. Kf4 c5 51. Ke4 Kf7 52. Kd5 Nb7 53. Kc6
Rb1 54. Nd3 Rb3 55. Nc1 Na5+ 56. Kxc5 d3 57. Ra2 Rc3+ 58. Kb4 Rxc1 59. Kxa5 Rc2
60. Ra3 Rxg2 61. Rxd3 Rg3 62. Kb4 Kf6 63. Kc3 Rxh3 64. Kd2 Rh1 65. Ke3 Re1+ 66.
Kf4 Re6 67. Rd5 g6 68. Rg5 Rb6 69. Kg4 Rb4+ 70. f4 h5+ 71. Kg3 Rb3+ 72. Kg2 Rc3
73. Rb5 Rd3 74. Ra5 Ke6 75. Re5+ Kf6 76. Ra5 h4 77. Rg5 Ra3 78. Rg4 h3+ 79. Kh2
Rf3 80. Rg1 Rxf4 81. Kxh3 Kf5 82. Re1 Rf3+ 83. Kg2 Kg4 84. Re4+ Rf4 85. Re3 g5
86. Rg3+ Kh5 87. Rh3+ Kg6 88. Ra3 Rh4 89. Kg3 Kh5 90. Rc3 Rg4+ 91. Kh2 Ra4 92.
Kg3 Ra1 93. Rc4 Ra3+ 94. Kg2 Rd3 95. Ra4 Re3 96. Kf2 Rb3 97. Kg2 Rb2+ 98. Kg3
Rb3+ 99. Kg2 Rb5 100. Kg3 g4 101. Ra8 Rb3+ 102. Kg2 Rb2+ 103. Kg3 Rb3+ 104. Kg2
Rf3 105. Rh8+ Kg5 106. Rg8+ Kf4 107. Rf8+ Ke3 108. Re8+ Kd3 109. Rg8 Rf4 110.
Kg3 Re4 111. Rxg4 Rxg4+ 112. Kxg4 1/2-1/2

[Event "Bay Area International"]
[Site "?"]
[Date "2019.01.03"]
[Round "4"]
[White "Li, Zhaozhi"]
[Black "Venkatarman, Karthik"]
[Result "0-1"]
[WhiteElo "2395"]
[BlackElo "2515"]
[PlyCount "128"]
[EventDate "2019.??.??"]
[SourceVersionDate "2019.01.04"]

1. d4 Nf6 2. c4 g6 3. Nc3 d5 4. Bf4 Bg7 5. e3 O-O 6. Rc1 Be6 7. cxd5 Nxd5 8.
Nxd5 Bxd5 9. Bxc7 Qd7 10. Bg3 Nc6 11. Ne2 Bxa2 12. Qa4 Bd5 13. Nf4 e5 14. dxe5
Bxe5 15. Rd1 Bxf4 16. Qxf4 Qe6 17. Bh4 a5 18. Bf6 Nb4 19. f3 Bb3 20. Rd6 Nd5
21. Rxd5 Bxd5 22. e4 Rfc8 23. Bb5 Qb6 24. exd5 Qxb5 25. Kf2 Rc2+ 26. Kg3 Qxd5
27. Bc3 Qc5 28. Bd4 Qc7 29. Be5 Qb6 30. Bd4 Qe6 31. Bc3 Rc8 32. Re1 Re2 33.
Rxe2 Qxe2 34. Qf6 Rxc3 35. Qxc3 b5 36. Qc8+ Kg7 37. Qc3+ Kh6 38. h4 Qe7 39. Kh3
b4 40. Qh8 a4 41. g4 f6 42. Qa8 a3 43. bxa3 bxa3 44. Qg8 f5 45. gxf5 gxf5 46.
Qd5 Kg6 47. h5+ Kg5 48. Qd2+ Kxh5 49. Qf4 Kg6 50. Qg3+ Kf7 51. Qf4 a2 52. Qxf5+
Qf6 53. Qd7+ Kg6 54. Qe8+ Kh6 55. Qe3+ Kh5 56. Qe8+ Kh6 57. Qe3+ Kg6 58. Qe8+
Qf7 59. Qc6+ Kg5 60. Qc1+ Kf5 61. Qc5+ Kg6 62. Qc6+ Kg7 63. Qc3+ Qf6 64. Qc7+
Kg6 0-1

[Event "Bay Area International"]
[Site "?"]
[Date "2019.01.03"]
[Round "4"]
[White "Liem, Le Quang"]
[Black "Shankar, Gauri"]
[Result "1-0"]
[WhiteElo "2714"]
[BlackElo "2359"]
[PlyCount "63"]
[EventDate "2019.??.??"]
[SourceVersionDate "2019.01.04"]

1. c4 e5 2. Nc3 Nc6 3. Nf3 Nf6 4. e3 Be7 5. a3 a5 6. d4 exd4 7. exd4 d5 8. cxd5
Nxd5 9. Bd3 O-O 10. O-O Bg4 11. h3 Be6 12. Re1 Re8 13. Bc2 g6 14. Bh6 Nxc3 15.
bxc3 Rb8 16. a4 Bf6 17. Qd2 Qd7 18. Ng5 Bg7 19. Ne4 b6 20. Bg5 f5 21. Nf6+ Bxf6
22. Bxf6 Qf7 23. Bg5 Bd5 24. Qf4 Bc4 25. Kh2 Rbc8 26. Qg3 Re6 27. Bf4 Rxe1 28.
Rxe1 Nb8 29. Re5 Be6 30. Qe3 Bd7 31. Re7 Qd5 32. c4 1-0

[Event "Bay Area International"]
[Site "?"]
[Date "2019.01.03"]
[Round "4"]
[White "Macieja, Bartlomiej"]
[Black "Dragun, Kamil"]
[Result "0-1"]
[WhiteElo "2509"]
[BlackElo "2578"]
[PlyCount "62"]
[EventDate "2019.??.??"]
[SourceVersionDate "2019.01.04"]

1. Nf3 Nf6 2. c4 g6 3. Nc3 Bg7 4. e4 d6 5. d4 O-O 6. h3 Na6 7. Bg5 Qe8 8. g4 c5
9. Qd2 Nb4 10. Be2 cxd4 11. Nxd4 Nc6 12. Be3 Nxd4 13. Bxd4 Be6 14. g5 Nd7 15.
Bxg7 Kxg7 16. h4 f6 17. gxf6+ Nxf6 18. h5 Nxh5 19. Bxh5 gxh5 20. Qd4+ Rf6 21.
e5 dxe5 22. Qxe5 Bg4 23. Nd5 Qf7 24. Kd2 Qe6 25. Qd4 Qe2+ 26. Kc3 e5 27. Qc5
Rxf2 28. Rab1 Rc8 29. Qb5 b6 30. Kb4 Rc5 31. Qa6 Rxd5 0-1

[Event "Bay Area International"]
[Site "?"]
[Date "2019.01.03"]
[Round "4"]
[White "Mont-Reynaud, Jordy"]
[Black "Kavutskiy, Konstantin"]
[Result "1-0"]
[WhiteElo "2241"]
[BlackElo "2424"]
[PlyCount "111"]
[EventDate "2019.??.??"]
[SourceVersionDate "2019.01.04"]

1. d4 Nf6 2. c4 g6 3. Nc3 Bg7 4. e4 d6 5. Be2 O-O 6. Bg5 Na6 7. Qc2 Qe8 8. h4
h6 9. Be3 c5 10. d5 e6 11. h5 exd5 12. cxd5 g5 13. a3 Nc7 14. Rd1 b5 15. b4
cxb4 16. axb4 a5 17. Rb1 axb4 18. Rxb4 Ra1+ 19. Rb1 Rxb1+ 20. Qxb1 Qe5 21. Bd2
g4 22. Bd3 g3 23. Nf3 gxf2+ 24. Kf1 Qe7 25. Nd1 Bg4 26. Nxf2 Bxh5 27. Qc1 Ra8
28. Bxh6 Bxh6 29. Qxh6 Ra1+ 30. Ne1 Qe5 31. g4 Qc3 32. Kg2 Ra2 33. Nc2 Nce8 34.
gxh5 Rxc2 35. Bxc2 Qxc2 36. Qg5+ Kf8 37. Qh6+ Ke7 38. Qf4 Nh7 39. h6 Nef6 40.
Ra1 Qc5 41. Rc1 Qd4 42. Rc7+ Ke8 43. Qf5 Kf8 44. Qc8+ Ne8 45. Rc3 b4 46. Rg3
Qf6 47. Qc1 Qe5 48. Qe3 Nef6 49. Qb6 Ne8 50. Qxb4 Qf4 51. Qa4 f6 52. Qa3 Qe5
53. Qa7 Qe7 54. Rg8+ Kf7 55. Qxe7+ Kxe7 56. Rh8 1-0